| 000 | 00663cam a2200229 a 4500 | ||
|---|---|---|---|
| 001 | 000008852 | ||
| 005 | 20200929161426.0 | ||
| 008 | 771011s1976 cu a 000 f spa d | ||
| 040 |
_aDO-SdBNP _bspa _cLC _dBNPHU |
||
| 082 |
_aCu863.4 _bC297pas |
||
| 100 | 1 |
_aCarpentier, Alejo, _d1904-1980 _98634 |
|
| 245 | 1 | 4 |
_aLos pasos perdidos / _cAlejo Carpentier. |
| 260 |
_aLa Habana, Cuba : _bArte y Literatura, _c1976. |
||
| 300 |
_a363 p. : _bil. ; _c24 cm. |
||
| 490 | 1 | _aLetras cubanas | |
| 650 | 4 |
_aNovela cubana _92316 |
|
| 650 | 4 |
_aLiteratura cubana _91483 |
|
| 830 | 0 |
_aLetras cubanas _99778 |
|
| 910 | _aCatalogación derivada | ||
| 910 | _aWM | ||
| 049 | _aBNGR | ||
| 999 |
_c8621 _d8621 |
||